| 000 | 00406 a2200169 4500 | ||
|---|---|---|---|
| 001 | 190059 | ||
| 020 | _a978-85-98659-08-4 | ||
| 040 | _cMagnum | ||
| 100 | _aLisboa, Apolo Heringer | ||
| 240 | 1 | 0 |
_aRevitalização de rios no mundo _lpor |
| 245 | 1 | 0 | _aRevitalização de rios no mundo |
| 300 | _a343 | ||
| 362 | 0 | _a2010 | |
| 440 | 1 | _aInstituto Guaicuy | |
| 697 | _aCIÊNCIAS AMBIENTAIS | ||
| 942 | _cBK | ||
| 999 |
_c190059 _d190059 |
||